00453nam a2200133Ia 4500008004100000041000800041100002600049245003900075260003500114300000800149700004300157999001900200952010000219250110s9999 xx 000 0 und d aeng aDhamne Shruti9182557 aPublic Market at Ganga Ghat Nashik bFinal Year B. Arch, BNCAc2014 a76p aGuide Name:Kolhatkar Aniruddha9210230 c363422d363422 00104070aBNCAbBNCAd2014-06-05l0pBNCA-PR-922r2025-01-10 00:00:00w2025-01-10yPRzPR0922